[Event "South America-ch U12 Girls 12th"]
[Site "Santa Cruz"]
[Date "2015.12.05"]
[Round "6"]
[White "Callata, Alejandra"]
[Black "Condori, Wendy"]
[Result "1/2-1/2"]
[WhiteElo "1367"]
[BlackElo "1426"]
[PlyCount "56"]
[EventDate "2015.12.02"]
[EventType "swiss"]
[EventRounds "9"]
[EventCountry "BOL"]
[SourceTitle "CBM 170 Extra"]
[Source "ChessBase"]
[SourceDate "2016.02.25"]
[SourceVersion "1"]
[SourceVersionDate "2016.02.25"]
[SourceQuality "1"]

1. c4 d5 2. cxd5 Qxd5 3. Nc3 Qd6 4. g3 Nf6 5. Bg2 Nc6 6. Nf3 Nd4 7. Qa4+ Nc6 8. 0-0 Bd7 9. a3 Ne5 10. Qb3 Nxf3+ 11. Bxf3 Bc6 12. e4 Nd7 13. Qd1 e6 14. d4 Nb6 15. Bf4 Qd8 16. Re1 Be7 17. d5 Bd7 18. dxe6 Bxe6 19. Qxd8+ Bxd8 20. Nb5 0-0 21. Nxc7 Bxc7 22. Bxc7 Nc4 23. Re2 g5 24. g4 Rac8 25. Bg3 Rfd8 26. e5 b6 27. Rc1 Rd4 28. h3 Rcd8 1/2-1/2